Statistics for Progressive General Knowledge Test #6

Click here to take the quiz!

General Stats

  • This quiz has been taken 238 times
  • The average score is 13 of 20

Answer Stats

QuestionAnswer% Correct
What is the largest country in South America?Brazil
100%
Tacos are generally associated with the cuisine of which nation?Mexico
100%
Who was the Prime Minister of the United Kingdom at the end of WWII?Winston Churchill
93%
How many minutes are there in three hours?180
92%
The Samurai were warriors from which country?Japan
92%
Luke Skywalker is a character from which movie series?Star Wars
92%
Which day of the week is named after the Norse god of thunder?Thursday
92%
In which American state would you find the city of Seattle?Washington
84%
Shepherd's pie is traditionally made with what sort of meat?Lamb
76%
Fuji, Jazz, and Gala are varieties of which fruit?Apple
67%
Who wrote David Copperfield and Great Expectations?Charles Dickens
67%
How many years of marriage are celebrated by a silver anniversary?25
65%
In which year did Diana, Princess of Wales die?1997
64%
What fast food chain is known as Hungry Jack's in Australia?Burger King
62%
In which musical do the Pink Ladies and the T Birds appear?Grease
49%
What colour are cranberries before they turn red?White
45%
An excess of which acid in the blood causes gout?Uric acid
31%
Which English king was the leader of the Third Crusade?Richard I
29%
American scientist Dian Fossey was murdered in which African nation?Rwanda
21%
Who is the patron saint of comedians?St Lawrence
7%

Score Distribution

Percentile by Number Answered

Percent of People with Each Score

Your Score History

You have not taken this quiz